000 00837cam a2200205 4500
001 WB3744-28
008 011120n2001 000 0 eng u
035 _a(Sirsi) u115634
245 _aRural diversity 'held back' by policy barriers
260 _c2001
490 _aRegeneration and Renewal
_v16 November 2001, 10(1)
520 _aResearch by Country Land and Business Association argues that too many obstacles lie in the path of farmers wanting to diversify. Included in the recommendations of the report are a simplification of grant procedures and a revision of national and planning guidance.
590 _aWB
650 _aRURAL DIVERSIFICATION
650 _aCOUNTRY LAND AND BUSINESS ASSOCIATION
650 _aCOUNTRYSIDE POLICY
650 _aLOCAL PLANNING
690 _aRURAL-AGRICULTURE AND FORESTRY
942 _n0
999 _c68863
_d68863